书目信息 |
| 题名: |
秘书文档管理
|
|
| 作者: | 陈祖芬 主编 | |
| 分册: | ||
| 出版信息: | 北京 中国人民大学出版社 2011.7 |
|
| 页数: | 241页 | |
| 开本: | 26cm | |
| 丛书名: | ||
| 单 册: | ||
| 中图分类: | G275.2 | |
| 科图分类: | ||
| 主题词: | 文书档案--档案管理--高等学校--教材 | |
| 电子资源: | ||
| ISBN: | 978-7-300-13684-4 | |
| 000 | 00966nam0 2200241 45 | |
| 001 | 515 | |
| 005 | 20120531162654.75 | |
| 010 | @a978-7-300-13684-4@dCNY29.80 | |
| 100 | @a20120328d2011 em y0chiy50 ea | |
| 101 | 0 | @achi |
| 102 | @aCN@b110000 | |
| 105 | @ay z 000yy | |
| 106 | @ar | |
| 200 | 1 | @a秘书文档管理@AMi Shu Wen Dang Guan Li@f陈祖芬主编@FChen Zu Fen Zhu Bian |
| 210 | @a北京@c中国人民大学出版社@d2011.7 | |
| 215 | @a241页@d26cm | |
| 300 | @a21世纪高等院校秘书学专业系列教材 | |
| 330 | @a本书基于现代秘书工作环境,在对文档管理工作进行概述的前提下,全面阐释文书档案工作的工作流程,实现文档管理的无缝衔接。主要内容包括:文档工作概述,文书办理,文书的归档与整理,档案的鉴定与保管,档案的检索、编研与提供利用,文书档案管理现代化,声像档案管理概述,专门档案管理概述。 | |
| 606 | 0 | @a文书档案@x档案管理@x高等学校@j教材 |
| 690 | @aG275.2@v4 | |
| 701 | 0 | @a陈祖芬@AChen Zu Fen@4主编 |
| 801 | 0 | @aCN@bTSTCL@c20120328 |
| 905 | @b0814705-07@dG275.2@e68@f3 | |
| 秘书文档管理/陈祖芬主编.-北京:中国人民大学出版社,2011.7 |
| 241页;26cm |
| 21世纪高等院校秘书学专业系列教材 |
| ISBN 978-7-300-13684-4:CNY29.80 |
| 本书基于现代秘书工作环境,在对文档管理工作进行概述的前提下,全面阐释文书档案工作的工作流程,实现文档管理的无缝衔接。主要内容包括:文档工作概述,文书办理,文书的归档与整理,档案的鉴定与保管,档案的检索、编研与提供利用,文书档案管理现代化,声像档案管理概述,专门档案管理概述。 |
| ● |
| 相关链接 |
|
|
|
|
正题名:秘书文档管理
索取号:G275.2/68
 
预约/预借
| 序号 | 登录号 | 条形码 | 馆藏地/架位号 | 状态 | 备注 |
| 1 | 0814705 | 208147058 | 第一样本阅览室/ [索取号:G275.2/68] | 在馆 | |
| 2 | 0814706 | 208147067 | 第四借阅区/ [索取号:G275.2/68] | 在馆 | |
| 3 | 0814707 | 208147076 | 第四借阅区/ [索取号:G275.2/68] | 在馆 |